Ronaldo... or Cristiano Ronaldo? - Statistics

General Stats
  • This quiz has been taken 2,914 times
  • The average score is 9 of 15
Answer Stats
Question Answer % Correct
Has played for Real Madrid Both
95%
Is taller Cristiano Ronaldo
94%
Won Ballon d'Or more than 3 times Cristiano Ronaldo
89%
Their main position is striker Ronaldo
88%
Was born on an island Cristiano Ronaldo
85%
Is their country's top goalscorer Cristiano Ronaldo
82%
Speaks Portuguese as their native language Both
79%
Has the most goals in FIFA World Cup Ronaldo
70%
Has won the Champions League Cristiano Ronaldo
57%
Has siblings Both
51%
Once had the most expensive transfer fee Both
27%
Played for only one team during his youth career Ronaldo
27%
His youth career was 10 years long Cristiano Ronaldo
22%
Their senior career has expands for more than 18 years Both
17%
Is a member of the PokerStars Both
13%
No matching quizzes found
Score Distribution
Percent of People with Each Score
Percentile by Number Answered
Your Score History
You have not taken this quiz